Tectonic evolution of Krížna nappe in the Strážov Mts.

Bibliographic Details
Main Authors: Šimonová, V. (Author), Plašienka, Dušan, 1953- (Author)
Format: Article
Language:Slovak
English
ISSN:0369-2086
Subjects:

MARC

LEADER 00000nab a2200000 a 4500
001 vtls010258324
003 SK-MaSNL
005 20260304162207.0
008 25050709c2008 xo o |||||||||||||||slon
015 |a SNBRB2009/05 
035 |a SVKKK000095731 
035 |a (urnnbn)urn:nbn:sk:snk:ar-005k05 
035 |a (uuid)0eecf2ea-0486-4bca-9be3-d96582f11c64 
035 |a urn:nbn:sk:snk-ab80i9 
038 |a SVKKK 
040 |a SNKBUCL  |b slo  |c SNKBUCL  |e AACR2 
041 0 |a eng 
044 |a xo  |c SK 
080 |a 551.24(234.372.3)  |2 1997 
100 1 |a Šimonová, V.  |4 aut  |9 1481538 
245 1 0 |a Tectonic evolution of Krížna nappe in the Strážov Mts.  |c V. Šimonová, D. Plašienka 
650 0 7 |a tektonická evolúcia  |z Strážovské vrchy (Slovensko)  |2 snkbucl  |9 1487336 
651 7 |a krížňanský príkrov (Slovensko)  |x tektonická evolúcia  |2 snkbucl  |9 1487337 
700 1 |a Plašienka, Dušan,  |d 1953-  |4 aut  |9 15096 
773 0 |t Mineralia slovaca  |g Roč. 40, č. 3-4 (2008)  |g Č. 3-4 (2008), s. 275  |x 0369-2086 
773 0 |t Geovestník  |g Roč. 40, č. 3-4 (2008)  |g Č. 3-4 (2008), s. 275  |x 0369-2086 
850 |a Slovenská národná knižnica 
852 |a Slovenská národná knižnica 
958 |a article9 
958 |a OND 
958 |a SK 
958 |a EUIPO 
999 |c 2973608  |d 2975538